Normal view
MARC view
Entry Personal Name
001 - CONTROL NUMBER
- control field: 83940
003 - CONTROL NUMBER IDENTIFIER
- control field: OSt
005 - DATE AND TIME OF LATEST TRANSACTION
- control field: 20260405135042.0
008 - FIXED-LENGTH DATA ELEMENTS
- fixed length control field: 260405|| aca||aabn | a|a d
040 ## - CATALOGING SOURCE
- Original cataloging agency: OSt
- Transcribing agency: OSt
100 ## - HEADING--PERSONAL NAME
- Personal name: Verma,DR. Ramesh Prasad
670 ## - SOURCE DATA FOUND
- Source citation: Work cat.: (OSt)68954: Verma,DR. Ramesh Prasad , Aksari Chin an Integral Part of India , 2020









